Entry Personal Name
Number of records used in: 1
001 - CONTROL NUMBER
003 - CONTROL NUMBER IDENTIFIER
005 - DATE AND TIME OF LATEST TRANSACTION
- control field:
20200120121611.0
008 - FIXED-LENGTH DATA ELEMENTS
- fixed length control field:
941007n| azannaabn |n aaa
010 ## - LIBRARY OF CONGRESS CONTROL NUMBER
- LC control number:
n 94096651
035 ## - SYSTEM CONTROL NUMBER
- System control number:
(CaEvSKY)skya4089841
040 ## - CATALOGING SOURCE
- Original cataloging agency:
DLC
- Description conventions:
rda
- Transcribing agency:
DLC
- Modifying agency:
DLC
- Modifying agency:
MX-SlUA
046 ## - SPECIAL CODED DATES
100 1# - HEADING--PERSONAL NAME
- Personal name:
Jobber, David,
- Dates associated with a name:
1947-
372 ## - FIELD OF ACTIVITY
- Field of activity:
Marketing
- Source of term:
lcsh
373 ## - ASSOCIATED GROUP
- Associated group:
University of Bradford
- Associated group:
University of Manchester
- Associated group:
University of Warwick
- Source of term:
naf
374 ## - OCCUPATION
- Occupation:
College teachers
- Source of term:
lcsh
375 ## - GENDER
377 ## - ASSOCIATED LANGUAGE
670 ## - SOURCE DATA FOUND
- Source citation:
Principles and practice of marketing, 1995:
- Information found:
CIP t.p. (David Jobber) datasheet (b. Nov. 29, 1947)
670 ## - SOURCE DATA FOUND
- Source citation:
Selling & sales management, 2000:
- Information found:
CIP t.p. (David Jobber; Ph.D., prof. of marketing, U. of Bradford Management Centre [U.K.])
670 ## - SOURCE DATA FOUND
- Source citation:
Fundamentos de marketing, ©2007:
- Information found:
title page (David Jobber) page vi (catedrático de Marketing en el School of Management de la Universidad de Bradford; Bradford Management Centre; tiene una licenciatura en Economía por la Universidad de Manchester; master de la Universidad de Warwick y doctorado por la Universidad de Bradford)